| 000 | 00841nam a2200241 i 4500 | ||
|---|---|---|---|
| 001 | bg | ||
| 100 | 1 | _aSORKO, Sławomir Adam | |
| 245 | 1 | 0 |
_aZastosowanie funkcji sklejanych do wyznaczania kształtu profili lotniczych / _cSławomir Adam Sorko. |
| 260 |
_aBiałystok : _bWydawnictwa PB, _c1995. |
||
| 300 |
_a150, [1] s. : _bwykr. ; _c23 cm. |
||
| 490 | 1 |
_aRozprawy Naukowe / Politechnika Białostocka, _x0867-096X ; _vnr 32 |
|
| 504 | _aBibliogr. s. [151]. | ||
| 650 | 9 |
_aAerodynamika _xzagadnienia |
|
| 650 | 9 |
_aFunkcje _xstosowanie _xmechanika |
|
| 650 | 9 |
_aPrzepływ _xteoria |
|
| 650 | 9 |
_aWielomiany _xstosowanie _xmechanika |
|
| 830 | 0 |
_aRozprawy Naukowe (Politechnika Białostocka) ; _vnr 32 |
|
| 040 | _cBPK | ||
| 041 | 0 | _apl | |
| 080 | _a532+533:517.5:512.6:519.688 | ||
| 942 | _cKS | ||
| 008 | s pl f |000 0 pol | ||
| 999 |
_c31026 _d31026 |
||
| 856 |
_uhttp://koha.tu.koszalin.pl/cgi-bin/koha/opac-detail.pl?biblionumber=31026 _yKatalog online BPK |
||